| 000 | 01699cam a22003255a 4500 | ||
|---|---|---|---|
| 001 | E148163 | ||
| 002 | 18032 | ||
| 008 | 090810s2009 xxk f 000 0 eng d | ||
| 020 | _a9781842194881 | ||
| 035 | _a(Sirsi) u148163 | ||
| 041 | 0 | _aeng | |
| 050 | 0 | 4 | _a336.21 $2 18 |
| 110 | 2 |
_aRoyal Institution of Chartered Surveyors _94900 |
|
| 245 | 0 | 0 |
_aRating appeals _bRICS guidance note _h[electronic resource] |
| 250 | _a3rd ed. | ||
| 260 |
_aCoventry _bRICS _c2009 |
||
| 300 |
_aiv, 30p. _c30cm. |
||
| 350 | _a25 | ||
| 490 | 0 | _aRICS Guidance Note | |
| 505 | 2 | _aIntroduction -- Part 1: how to make an appeal -- Part 2: appearing at valuation tribunals -- Appendices | |
| 520 | _aOUT OF DATE - superseded by 4th edition - April 2017. | ||
| 520 | _aOffers guidance to surveyors involved in proposals to alter the rating assessment of a client's property. Takes the surveyor through every stage of an appeal, including: how and when to make a proposal; the grounds for making a proposal; what to do if there is no agreement; Valuation Tribunal procedures; pre-hearing preparations; and the stages involved in the hearing. Explains the surveyor's dual role as advocate and expert witness, and gives practical advice on the information and documentation required. | ||
| 520 | _aSupersedes second edition (ISBN 1842190644). Effective from 15th August 2009. | ||
| 521 | _aAdvanced | ||
| 590 | _aKA NTK | ||
| 651 | 4 |
_aEngland _y886- |
|
| 690 | _aPROPERTY-COMMERCIAL PROPERTY-COMMERCIAL PROPERTY TAXATION-BUSINESS RATES | ||
| 856 | 4 | 1 |
_uhttps://www.rics.org/Global/Downloads/Ratingappeals3rdedition_July09.pdf _zView this item free of charge (members-only content) at www.rics.org |
| 942 | _n0 | ||
| 999 |
_c109922 _d109922 |
||